• 首页
  • 本馆介绍
  • 公告通知
  • 最新文献
  • 馆藏检索
  • 电子资源
  • 读者导购
  • 参考咨询
  • 我的图书馆
  • 登录
  • 详细信息显示
  • 放入我的书架
  • 预约/预借图书
  • 作者相关作品
  • 分类相关作品
  • 丛书相关作品
  • 出版社相关作品

书目信息

  • 表格格式
  • 工作单格式
  • 卡片格式
题名:
新形势下研究生思想政治教育研究
    
 
作者: 张兴春 著
分册:  
出版信息: 合肥   合肥工业大学出版社  2018.11
页数: 206页
开本: 24cm
丛书名:
单 册:
中图分类: G643.1
科图分类:
主题词: 研究生--yan jiu sheng--思想政治教育--研究--中国
电子资源:
ISBN: 978-7-5650-4252-2
000 00960nam0 2200241 450
001 0109110045
005 20201109110333.0
010    @a978-7-5650-4252-2@dCNY45.00
100    @a20200408e20192018em y0chiy50 ea
101 0  @achi
102    @aCN@b340000
105    @ak z 000yy
106    @ar
200 1  @a新形势下研究生思想政治教育研究@Axin xing shi xia yan jiu sheng si xiang zheng zhi jiao yu yan jiu@f张兴春著
210    @a合肥@c合肥工业大学出版社@d2018.11@h2019.08
215    @a206页@d24cm
300    @a江苏省研究生教育教学研究与实践项目(JGLX16-029)
330    @a本书内容包括:绪论、新中国成立以来研究生思想政治教育的历史回顾、研究生思想政治教育面临的新形势、新形势下研究生思想政治状况与思想政治教育存在的问题分析、研究生思想政治教育基本要素的优化。
606 0  @a研究生@Ayan jiu sheng@x思想政治教育@x研究@y中国
690    @aG643.1@v5
701  0 @a张兴春@Azhang xing chun@4著
801  0 @aCN@bBJSZM@c20201103
905    @b1265291-5@dG643.1@e1987@f5
    
    新形势下研究生思想政治教育研究/张兴春著.-合肥:合肥工业大学出版社,2018.11(2019.08)
    206页;24cm
    江苏省研究生教育教学研究与实践项目(JGLX16-029)
    
    ISBN 978-7-5650-4252-2:CNY45.00
    本书内容包括:绪论、新中国成立以来研究生思想政治教育的历史回顾、研究生思想政治教育面临的新形势、新形势下研究生思想政治状况与思想政治教育存在的问题分析、研究生思想政治教育基本要素的优化。
●
相关链接 在E读中查询图书 在五车中查询图书 在当当中查询图书 在豆瓣中查询图书


正题名:新形势下研究生思想政治教育研究     索取号:G643.1/1987         预约/预借

序号 登录号 条形码 馆藏地/架位号 状态 备注
1 1265291   212652912   第一样本阅览室/ [索取号:G643.1/1987] 在馆    
2 1265292   212652921   第四借阅区/ [索取号:G643.1/1987] 在馆    
3 1265293   212652930   第四借阅区/ [索取号:G643.1/1987] 在馆    
4 1265294   212652949   教育系资料室/ [索取号:G643.1/1987] 在馆    
5 1265295   212652958   教育系资料室/ [索取号:G643.1/1987] 在馆    
唐山师范学院图书馆 欢迎您!
大连网信软件有限公司© 版权所有